[Event "Campeonato de España Individual Femenino"]
[Site "Padron"]
[Date "2011.08.02"]
[Round "2"]
[White "Garcia Rodriguez, Sara"]
[Black "Juanes Garcia, Olaya"]
[Result "1-0"]
[WhiteElo "1926"]
[BlackElo "1735"]
[PlyCount "91"]
[EventDate "2011.08.01"]
[EventRounds "7"]
[EventCountry "ESP"]

1. e4 e6 2. d4 d5 3. Nd2 dxe4 4. Nxe4 Qd5 5. Ng3 Nc6 6. Nf3 Nf6 7. Bd3 b6 8. c3
Bb7 9. Qe2 Ne7 10. Bf4 Rc8 11. Be5 Qd8 12. O-O Ng6 13. Ba6 Bxa6 14. Qxa6 Ra8
15. Qb7 Bd6 16. Bxf6 gxf6 17. Qc6+ Kf8 18. Nh5 Rb8 19. Qe4 Rc8 20. Qb7 Ra8 21.
Nxf6 h5 22. Ne4 Be7 23. Ne5 Nxe5 24. dxe5 Qd5 25. Qxd5 exd5 26. Ng3 a5 27. Rad1
Rd8 28. Rd4 Kg8 29. Rfd1 c6 30. c4 Bc5 31. Rh4 d4 32. Rxh5 Rxh5 33. Nxh5 d3 34.
Kf1 Rd4 35. b3 Kh8 36. f3 a4 37. Ng3 b5 38. cxb5 cxb5 39. Ne4 Bb4 40. Nf2 d2
41. Ke2 axb3 42. axb3 Rd5 43. f4 Rd4 44. Ke3 Bc5 45. Nd3 Bb6 46. Kxd2 1-0

[Event "Campeonato de España Individual Femenino"]
[Site "Padron"]
[Date "2011.08.02"]
[Round "2"]
[White "Moran Garcia, Aida"]
[Black "Boix Pons, Catalina"]
[Result "1/2-1/2"]
[WhiteElo "1663"]
[BlackElo "1900"]
[PlyCount "151"]
[EventDate "2011.08.01"]
[EventRounds "7"]
[EventCountry "ESP"]

1. d4 d5 2. c4 e6 3. Nc3 Nf6 4. Bg5 Be7 5. Nf3 Nbd7 6. e3 c6 7. Be2 O-O 8. O-O
h6 9. Bh4 dxc4 10. Bxc4 Nd5 11. Bxe7 Qxe7 12. Nxd5 exd5 13. Bd3 Nf6 14. Qc2 Re8
15. Rac1 Be6 16. Qc5 Qd8 17. a3 Nd7 18. Qc2 Bg4 19. Be2 Rc8 20. Ne1 Bxe2 21.
Qxe2 Qb6 22. Nd3 Qxd4 23. Qc2 Qb6 24. Nc5 Nxc5 25. Qxc5 Qxc5 26. Rxc5 b6 27.
Rc2 c5 28. h3 a5 29. Rd1 Rcd8 30. Rcd2 Re5 31. f4 Rxe3 32. Rxd5 Rxd5 33. Rxd5
Re2 34. b4 cxb4 35. axb4 a4 36. b5 Rb2 37. Rd4 a3 38. Ra4 a2 39. Kh2 Kf8 40.
Ra7 g6 41. Kg3 Kg7 42. Kf3 h5 43. g4 h4 44. g5 Rxb5 45. Rxa2 f5 46. gxf6+ Kxf6
47. Kg4 Rb4 48. Kxh4 Rxf4+ 49. Kg3 Rb4 50. Re2 b5 51. Re1 Kf5 52. Rf1+ Kg5 53.
Rd1 Rb3+ 54. Kh2 Rf3 55. Rd5+ Rf5 56. Rd4 Rc5 57. Rb4 Kf6 58. Kg3 g5 59. Kf3
Kf5 60. h4 gxh4 61. Rxh4 Ke6 62. Rb4 Kd5 63. Ke2 Kc6 64. Kd3 Kb6 65. Kd4 Rc8
66. Rb3 Rd8+ 67. Kc3 Kc5 68. Kb2 b4 69. Ka2 Kc4 70. Rb2 Ra8+ 71. Kb1 b3 72. Kc1
Kc3 73. Kb1 Rf8 74. Ka1 Rf1+ 75. Rb1 b2+ 76. Ka2 1/2-1/2

[Event "Campeonato de España Individual Femenino"]
[Site "Padron"]
[Date "2011.08.02"]
[Round "2"]
[White "Laseca Arana, Irati"]
[Black "Romero Diez, Sandra"]
[Result "1/2-1/2"]
[WhiteElo "1478"]
[BlackElo "1868"]
[PlyCount "70"]
[EventDate "2011.08.01"]
[EventRounds "7"]
[EventCountry "ESP"]

1. e4 e5 2. Nf3 Nc6 3. Bb5 f5 4. Nc3 fxe4 5. Nxe4 d5 6. Nxe5 dxe4 7. Nxc6 Qd5
8. c4 Qd6 9. Qh5+ g6 10. Qe5+ Qxe5 11. Nxe5+ c6 12. Ba4 Bg7 13. d4 exd3 14.
Nxd3 Nf6 15. O-O O-O 16. Bc2 Bf5 17. Ne1 Ne4 18. g4 Bxg4 19. Bxe4 Be2 20. Ng2
Bxf1 21. Kxf1 Rae8 22. Bc2 Bd4 23. Nf4 Re5 24. Bd2 g5 25. Nd3 Ref5 26. Be1 Rf3
27. Kg2 g4 28. Rd1 c5 29. Rd2 Re8 30. Bd1 Rxd3 31. Rxd3 Rxe1 32. Bxg4 Rb1 33.
Rb3 b6 34. Be6+ Kg7 35. Bf5 Rxb2 1/2-1/2

[Event "Campeonato de España Individual Femenino"]
[Site "Padron"]
[Date "2011.08.02"]
[Round "2"]
[White "Marin Benito, Carla"]
[Black "Buiza Prieto, Eihartze"]
[Result "0-1"]
[WhiteElo "1865"]
[BlackElo "1668"]
[PlyCount "64"]
[EventDate "2011.08.01"]
[EventRounds "7"]
[EventCountry "ESP"]

1. e4 e6 2. d3 d5 3. Nd2 Bd6 4. g3 Nf6 5. Bg2 Bd7 6. Ngf3 dxe4 7. dxe4 e5 8.
Nc4 Qe7 9. Nxd6+ cxd6 10. O-O Na6 11. Re1 Nc5 12. Nd2 b5 13. Nf1 Bc6 14. Bg5
Rc8 15. Ne3 Bd7 16. Nd5 Qe6 17. Bxf6 gxf6 18. Qh5 Na4 19. b3 Nc3 20. Ne3 Kd8
21. Nf5 Kc7 22. Re3 b4 23. Rd3 d5 24. Ng7 Qg4 25. Qxg4 Bxg4 26. f3 Be6 27. a3
dxe4 28. fxe4 Ne2+ 29. Kf2 Nd4 30. axb4 Nxc2 31. Rxa7+ Kb6 32. Re7 Nd4 0-1

[Event "Campeonato de España Individual Femenino"]
[Site "Padron"]
[Date "2011.08.02"]
[Round "3"]
[White "Vega Gutierrez, Sabrina"]
[Black "Vega Gutierrez, Belinda"]
[Result "1/2-1/2"]
[WhiteElo "2285"]
[BlackElo "2227"]
[PlyCount "61"]
[EventDate "2011.08.01"]
[EventRounds "7"]
[EventCountry "ESP"]

1. e4 e5 2. Nf3 Nc6 3. d4 exd4 4. Nxd4 Nf6 5. Nc3 Bb4 6. Nxc6 bxc6 7. Bd3 d5 8.
exd5 cxd5 9. O-O O-O 10. Bg5 c6 11. Qf3 h6 12. Bxf6 Qxf6 13. Qxf6 gxf6 14. Ne2
Bd6 15. Nd4 c5 16. Nf5 Bxf5 17. Bxf5 Rab8 18. b3 Rfe8 19. Rfe1 Re5 20. Bd3 Rbe8
21. Kf1 Kf8 22. g3 Bc7 23. f4 Rxe1+ 24. Rxe1 Rxe1+ 25. Kxe1 Ke7 26. Ke2 Ke6 27.
Kf3 f5 28. h3 Ba5 29. g4 fxg4+ 30. hxg4 Bc3 31. Kg3 1/2-1/2

[Event "Campeonato de España Individual Femenino"]
[Site "Padron"]
[Date "2011.08.02"]
[Round "3"]
[White "Pascual Palomo, Lucia"]
[Black "Hernandez Estevez, Yudania"]
[Result "0-1"]
[WhiteElo "2127"]
[BlackElo "2252"]
[PlyCount "116"]
[EventDate "2011.08.01"]
[EventRounds "7"]
[EventCountry "ESP"]

1. e4 e5 2. Nf3 Nc6 3. d4 exd4 4. Nxd4 Nf6 5. Nc3 Bb4 6. Nxc6 bxc6 7. Bd3 d5 8.
exd5 cxd5 9. O-O O-O 10. Bg5 c6 11. h3 Rb8 12. Qf3 Be7 13. Rab1 Be6 14. Ne2 c5
15. b3 Rb6 16. Rbd1 Qc7 17. Ng3 h6 18. Bd2 c4 19. Bf5 Ra6 20. Bf4 Qc8 21. Bxe6
fxe6 22. Qe2 Rxa2 23. bxc4 dxc4 24. Ra1 Rxa1 25. Rxa1 Nd5 26. Be5 Bc5 27. Ne4
Bb6 28. Qg4 Qd7 29. Rd1 Qf7 30. Rd2 Kh7 31. Bd4 Bxd4 32. Rxd4 c3 33. Rd3 Rb8
34. Qh4 Qc7 35. Rg3 Qe5 36. Ng5+ Kg8 37. Nf3 Qf4 38. Qxf4 Nxf4 39. Rg4 Nd5 40.
Nd4 Kf7 41. Nb3 Rb4 42. Kf1 Rxg4 43. hxg4 Nb4 44. Ke2 e5 45. Kd1 Ke6 46. f3 Kd5
47. Nc1 a5 48. g3 a4 49. Ne2 a3 50. Nxc3+ Kc4 51. Kd2 a2 52. Nxa2 Nxa2 53. Ke3
Nc3 54. f4 e4 55. g5 hxg5 56. fxg5 g6 57. g4 Kd5 58. Kd2 Kd4 0-1

[Event "Campeonato de España Individual Femenino"]
[Site "Padron"]
[Date "2011.08.02"]
[Round "3"]
[White "Garcia Vicente, Nieves"]
[Black "Gutierrez Castillo, Paloma"]
[Result "1/2-1/2"]
[WhiteElo "2249"]
[BlackElo "2119"]
[PlyCount "127"]
[EventDate "2011.08.01"]
[EventRounds "7"]
[EventCountry "ESP"]

1. d4 Nf6 2. c4 g6 3. Nc3 Bg7 4. Nf3 O-O 5. Bg5 c5 6. e3 cxd4 7. exd4 d5 8.
Bxf6 Bxf6 9. Nxd5 Bg7 10. Nc3 Bg4 11. Be2 Nc6 12. d5 Bxf3 13. gxf3 Nd4 14. Qd2
Rc8 15. Kf1 Qc7 16. Rc1 Nf5 17. Rd1 Qe5 18. Re1 Nh4 19. h3 a6 20. Nd1 Qf6 21.
Qd3 Rfd8 22. b3 e6 23. Ne3 h5 24. Qe4 b6 25. Rd1 Bh6 26. Rg1 Re8 27. Qd4 Qxd4
28. Rxd4 Bxe3 29. Rxh4 Bd2 30. Rxh5 b5 31. dxe6 Rxe6 32. Rd5 Bc3 33. Bd3 bxc4
34. Bxc4 Rf6 35. Kg2 Kg7 36. Rgd1 a5 37. R1d3 Bb4 38. a3 Bxa3 39. Rxa5 Bc5 40.
Rd7 Rf5 41. Rd5 Rxd5 42. Bxd5 Rc7 43. Bc4 Bb4 44. Rb5 Ba3 45. f4 Rc5 46. Kf3
Rxb5 47. Bxb5 Bc5 48. f5 gxf5 49. Ke2 Kh6 50. Bc4 f6 51. f3 Kg5 52. Kd3 Kh4 53.
Be6 Kxh3 54. Kc4 Bf2 55. Bxf5+ Kg3 56. Be4 Kf4 57. b4 Ke5 58. Kb5 Kd6 59. Ba8
Kc7 60. Kc4 Kb6 61. Be4 Bg3 62. b5 Be5 63. Bc6 Bb2 64. Kd5 1/2-1/2

[Event "Campeonato de España Individual Femenino"]
[Site "Padron"]
[Date "2011.08.02"]
[Round "3"]
[White "Cerrato Torrijos, Maria"]
[Black "Nieto Asencio, Maria Del Carmen"]
[Result "0-1"]
[WhiteElo "2124"]
[BlackElo "2034"]
[PlyCount "70"]
[EventDate "2011.08.01"]
[EventRounds "7"]
[EventCountry "ESP"]

1. e4 c5 2. Nf3 g6 3. d4 cxd4 4. Qxd4 Nf6 5. e5 Nc6 6. Qa4 Nd5 7. Qe4 Nc7 8.
Nc3 Ne6 9. h4 h5 10. Nd5 Bg7 11. Bd2 d6 12. Bc3 O-O 13. O-O-O Nc7 14. exd6 exd6
15. Bxg7 Kxg7 16. Nd4 Re8 17. Nxc6 bxc6 18. Qd4+ f6 19. Nxc7 Qxc7 20. Qxd6 Qb6
21. Bc4 Bf5 22. Rhe1 Qxf2 23. Re7+ Kh6 24. Bb3 Rad8 25. Qxd8 Rxd8 26. Rxd8 Qxh4
27. a4 Qh1+ 28. Rd1 Qxg2 29. Rxa7 h4 30. Re7 h3 31. Ree1 h2 32. a5 c5 33. Ba4
Be4 34. a6 Kg5 35. a7 Bf3 0-1

[Event "Campeonato de España Individual Femenino"]
[Site "Padron"]
[Date "2011.08.02"]
[Round "3"]
[White "Redondo Arguelles, Graciela"]
[Black "Pablos Tenrero, Raquel"]
[Result "1-0"]
[WhiteElo "2088"]
[BlackElo "1971"]
[PlyCount "51"]
[EventDate "2011.08.01"]
[EventRounds "7"]
[EventCountry "ESP"]

1. e4 e5 2. Nf3 Nc6 3. Bb5 Nge7 4. d4 exd4 5. Nxd4 g6 6. O-O Bg7 7. Be3 O-O 8.
c3 d5 9. Nxc6 bxc6 10. Bd3 Qd6 11. Nd2 Be6 12. Nb3 dxe4 13. Bxe4 Bd5 14. Bc5
Qd8 15. Bxd5 cxd5 16. Re1 Bf6 17. Qf3 Kg7 18. Rad1 c6 19. Re2 Re8 20. Rde1 Qd7
21. Qe3 Rab8 22. Nd4 Rb7 23. Qf4 Rbb8 24. h4 h6 25. Bxe7 Bxe7 26. Rxe7 1-0

[Event "Campeonato de España Individual Femenino"]
[Site "Padron"]
[Date "2011.08.02"]
[Round "3"]
[White "Perera Borrego, Mariela"]
[Black "Beltran Ortiz, Edda Georgina"]
[Result "1-0"]
[WhiteElo "2046"]
[BlackElo "1877"]
[PlyCount "87"]
[EventDate "2011.08.01"]
[EventRounds "7"]
[EventCountry "ESP"]

1. d4 c5 2. d5 Nf6 3. Nc3 g6 4. e4 d6 5. h3 Bg7 6. Nf3 Nbd7 7. a4 O-O 8. Be2 a6
9. O-O b6 10. Bf4 Bb7 11. Re1 Qc7 12. Bc4 Nh5 13. Bh2 Ne5 14. Nxe5 Bxe5 15.
Bxe5 dxe5 16. g3 Bc8 17. Kh2 Qd7 18. Bf1 f5 19. Qd2 f4 20. gxf4 Nxf4 21. Re3
Qd6 22. Rd1 Bb7 23. Nb1 Rf6 24. Na3 Raf8 25. Nc4 Qc7 26. Qc3 Nh5 27. Rd2 Rxf2+
28. Rxf2 Rxf2+ 29. Kg1 Rf6 30. Qxe5 Qxe5 31. Nxe5 Nf4 32. Rb3 Bc8 33. h4 Nh5
34. Nc6 Kf8 35. Rxb6 Ke8 36. Rb8 Kd7 37. Bh3+ e6 38. dxe6+ Kxc6 39. Rxc8+ Kd6
40. e5+ Kxe5 41. e7 Ng7 42. Rg8 Ne8 43. Rxe8 Kd6 44. Rf8 1-0

[Event "Campeonato de España Individual Femenino"]
[Site "Padron"]
[Date "2011.08.02"]
[Round "3"]
[White "Aranaz Murillo, Amalia"]
[Black "Cucarella Montell, Angels"]
[Result "1-0"]
[WhiteElo "2176"]
[BlackElo "1938"]
[PlyCount "95"]
[EventDate "2011.08.01"]
[EventRounds "7"]
[EventCountry "ESP"]

1. Nf3 c5 2. c4 Nc6 3. g3 g6 4. Bg2 Bg7 5. Nc3 Nf6 6. d4 cxd4 7. Nxd4 O-O 8.
O-O Nxd4 9. Qxd4 d6 10. Qd3 Rb8 11. Rd1 Be6 12. Be3 a6 13. b3 Ng4 14. Ba7 Ne5
15. Qd2 Ra8 16. Bd4 Rb8 17. Rac1 Qd7 18. f4 Nc6 19. Bxg7 Kxg7 20. c5 Rfd8 21.
Qb2 f6 22. cxd6 exd6 23. Nd5 Bxd5 24. Rxd5 Ne7 25. Rd3 d5 26. Rcd1 Qc7 27. Kh1
Rbc8 28. Bxd5 Nxd5 29. Rxd5 Rxd5 30. Rxd5 Qe7 31. Qd2 Qe4+ 32. Kg1 Rc2 33. Rd4
Qxe2 34. Rd7+ Kh6 35. Qxe2 Rxe2 36. a4 b5 37. axb5 axb5 38. Rb7 Rb2 39. Rxb5
Kg7 40. Rb7+ Kg8 41. b4 Kh8 42. b5 Kg8 43. b6 Kh8 44. Kf1 g5 45. fxg5 fxg5 46.
Ke1 g4 47. Kd1 Rxh2 48. Rc7 1-0

[Event "Campeonato de España Individual Femenino"]
[Site "Padron"]
[Date "2011.08.02"]
[Round "3"]
[White "Acebal Muniz, Maria Concepcion"]
[Black "Collado Barbas, Laura"]
[Result "0-1"]
[WhiteElo "1253"]
[BlackElo "2050"]
[PlyCount "66"]
[EventDate "2011.08.01"]
[EventRounds "7"]
[EventCountry "ESP"]

1. e4 c6 2. d4 d5 3. Nc3 dxe4 4. Nxe4 Nf6 5. Ng3 h5 6. Nf3 h4 7. Ne2 Bf5 8. Nc3
e6 9. Bg5 h3 10. g3 Bg4 11. Be2 Bb4 12. Nd2 Bxe2 13. Nxe2 Qd5 14. Rf1 Qxg5 15.
f4 Qd5 16. c3 Ng4 17. Qa4 Ne3 18. Rf3 b5 19. Qb3 Qxb3 20. Rxe3 Qxb2 21. Nb3 Bd6
22. Nec1 Qxh2 23. Ne2 Qg2 24. Kd2 h2 25. Kd3 h1=Q 26. Rxh1 Rxh1 27. Nd2 c5 28.
a3 c4+ 29. Nxc4 bxc4+ 30. Kxc4 Rd1 31. Kb3 Qb7+ 32. Ka4 Rb1 33. Ka5 Qb5# 0-1

[Event "Campeonato de España Individual Femenino"]
[Site "Padron"]
[Date "2011.08.02"]
[Round "3"]
[White "Garcia-Castany Musellas, Gal La"]
[Black "Garcia Rodriguez, Sara"]
[Result "1-0"]
[WhiteElo "1980"]
[BlackElo "1926"]
[PlyCount "57"]
[EventDate "2011.08.01"]
[EventRounds "7"]
[EventCountry "ESP"]

1. e4 c5 2. Nf3 d6 3. d4 cxd4 4. Nxd4 Nf6 5. Nc3 g6 6. Be3 Bg7 7. Bc4 Nc6 8.
Bb3 Ng4 9. Nxc6 bxc6 10. Bf4 O-O 11. h3 Ne5 12. O-O Ba6 13. Re1 Rb8 14. Rb1 c5
15. Nd5 Qd7 16. c3 Nd3 17. Re3 e6 18. Rxd3 Bxd3 19. Qxd3 exd5 20. Qxd5 Rfd8 21.
Rd1 Rb6 22. e5 Bf8 23. Be3 Rb7 24. exd6 Rxb3 25. axb3 Bxd6 26. Bf4 Bxf4 27.
Qxd7 Rxd7 28. Rxd7 Bc1 29. Rc7 1-0

[Event "Campeonato de España Individual Femenino"]
[Site "Padron"]
[Date "2011.08.02"]
[Round "3"]
[White "Ruiz Font, Elisabet"]
[Black "Martin Morientes, Marta"]
[Result "1-0"]
[WhiteElo "1949"]
[BlackElo "1593"]
[PlyCount "54"]
[EventDate "2011.08.01"]
[EventRounds "7"]
[EventCountry "ESP"]

1. e4 c5 2. Nf3 d6 3. d4 cxd4 4. Qxd4 Bd7 5. c4 Nc6 6. Qd2 g6 7. Be2 Bg7 8. O-O
Nf6 9. Nc3 O-O 10. Rb1 Rc8 11. b3 Ng4 12. Bb2 Nge5 13. Nxe5 Nxe5 14. Nd5 Bc6
15. f4 Nd7 16. Bxg7 Kxg7 17. Qd4+ Kg8 18. Bg4 e6 19. Nc3 Qb6 20. Qxb6 Nxb6 21.
Rbd1 Rcd8 22. Rd3 h5 23. Bh3 Nd7 24. Rxd6 a6 25. Rfd1 g5 26. fxg5 Kh7 27. b4
Kg8 1-0

[Event "Campeonato de España Individual Femenino"]
[Site "Padron"]
[Date "2011.08.02"]
[Round "3"]
[White "Buiza Prieto, Eihartze"]
[Black "Sanchez Gabin, Aranzazu"]
[Result "1-0"]
[WhiteElo "1668"]
[BlackElo "1724"]
[PlyCount "81"]
[EventDate "2011.08.01"]
[EventRounds "7"]
[EventCountry "ESP"]

1. e4 c5 2. b4 cxb4 3. Bb2 e6 4. Nf3 Nc6 5. d4 d5 6. exd5 Qxd5 7. c4 bxc3 8.
Nxc3 Qa5 9. d5 Bb4 10. Qd2 exd5 11. a3 Bd6 12. Nb5 Qxd2+ 13. Nxd2 Be5 14. Bxe5
Nxe5 15. Nc7+ Kd8 16. Nxa8 Nc6 17. Bd3 b6 18. O-O Bb7 19. Nxb6 axb6 20. Rab1
Kc7 21. Rfc1 Nge7 22. Rb3 Ra8 23. Nf3 Ra5 24. Ng5 f6 25. Ne6+ Kd6 26. Nxg7 Ba6
27. Ne8+ Ke5 28. Re1+ Kd4 29. Bxa6 Rxa6 30. Nxf6 Kc4 31. Reb1 d4 32. Ne4 d3 33.
Nd2+ Kd4 34. Rc1 Ra4 35. Rcc3 Ne5 36. Nf3+ Nxf3+ 37. gxf3 d2 38. Rd3+ Kc4 39.
Rbc3+ Kb5 40. Rxd2 Nc6 41. Rd5+ 1-0

[Event "Campeonato de España Individual Femenino"]
[Site "Padron"]
[Date "2011.08.02"]
[Round "3"]
[White "Morona Minguez, Irene"]
[Black "Moran Garcia, Aida"]
[Result "1-0"]
[WhiteElo "1930"]
[BlackElo "1663"]
[PlyCount "103"]
[EventDate "2011.08.01"]
[EventRounds "7"]
[EventCountry "ESP"]

1. e4 e5 2. Nf3 Nc6 3. Bb5 a6 4. Ba4 Nf6 5. O-O Be7 6. Re1 b5 7. Bb3 O-O 8. d4
exd4 9. e5 Ne8 10. c3 dxc3 11. Nxc3 Na5 12. Bc2 d6 13. Nd5 dxe5 14. Nxe7+ Qxe7
15. Nxe5 Qd6 16. Qh5 Nf6 17. Qh4 Re8 18. Bf4 Qb4 19. Nd3 Qc4 20. Rxe8+ Nxe8 21.
Qe7 Bf5 22. Re1 Nf6 23. Qxc7 Qxc7 24. Bxc7 Nc4 25. Be5 Nxe5 26. Rxe5 Bxd3 27.
Bxd3 Rd8 28. Bf1 Rd2 29. Re2 Rxe2 30. Bxe2 Kf8 31. a4 bxa4 32. Bxa6 Nd7 33. Kf1
Nc5 34. Bb5 Ke7 35. Ke2 Kd6 36. f3 Ke5 37. Ke3 g5 38. g3 f6 39. Be8 Kd5 40.
Bf7+ Kd6 41. Kd4 f5 42. f4 gxf4 43. gxf4 h6 44. Bg8 Ne6+ 45. Bxe6 Kxe6 46. Kc5
h5 47. h4 Ke7 48. Kb4 Kd6 49. Kxa4 Kd5 50. b4 Ke4 51. b5 Kxf4 52. b6 1-0

[Event "Campeonato de España Individual Femenino"]
[Site "Padron"]
[Date "2011.08.02"]
[Round "3"]
[White "Boix Pons, Catalina"]
[Black "Laseca Arana, Irati"]
[Result "1-0"]
[WhiteElo "1900"]
[BlackElo "1478"]
[PlyCount "55"]
[EventDate "2011.08.01"]
[EventRounds "7"]
[EventCountry "ESP"]

1. d4 d5 2. c4 c6 3. e3 Nf6 4. Nc3 Bf5 5. Nf3 Nbd7 6. cxd5 Nxd5 7. Nxd5 cxd5 8.
Qb3 Nb6 9. Bb5+ Bd7 10. Ne5 e6 11. O-O Rb8 12. Bd2 Bxb5 13. Qxb5+ Nd7 14. f4
Bd6 15. f5 Bxe5 16. dxe5 Qb6 17. Qa4 Qxb2 18. fxe6 fxe6 19. Rad1 Qxe5 20. Rf3
Rd8 21. Rdf1 Qd6 22. Bb4 Qc6 23. Rf7 Rc8 24. Qd1 Ne5 25. Rxg7 Qb6 26. Qh5+ Ng6
27. Rxg6 Qxe3+ 28. Kh1 1-0

[Event "Campeonato de España Individual Femenino"]
[Site "Padron"]
[Date "2011.08.02"]
[Round "3"]
[White "Romero Diez, Sandra"]
[Black "Marin Benito, Carla"]
[Result "0-1"]
[WhiteElo "1868"]
[BlackElo "1865"]
[PlyCount "60"]
[EventDate "2011.08.01"]
[EventRounds "7"]
[EventCountry "ESP"]

1. d4 Nf6 2. c4 g6 3. Nc3 Bg7 4. e4 d6 5. f3 O-O 6. Bg5 c5 7. d5 e6 8. Qd2 Re8
9. Nge2 exd5 10. cxd5 a6 11. a4 Nbd7 12. Ng3 Qb6 13. Be2 h5 14. O-O Nh7 15. Be3
Ne5 16. a5 Qd8 17. h3 h4 18. Nh1 f5 19. f4 Nf7 20. Nf2 fxe4 21. Nfxe4 Bf5 22.
Bf3 Nf6 23. Nxf6+ Bxf6 24. Bg4 Bxg4 25. hxg4 Rxe3 26. Nd1 Rg3 27. Nf2 Bd4 28.
Kh2 Bxf2 29. Qxf2 Nh6 30. Qc2 Nxg4+ 0-1

[Event "Campeonato de España Individual Femenino"]
[Site "Padron"]
[Date "2011.08.02"]
[Round "3"]
[White "Gonzalez Etayo, Oihana"]
[Black "Suarez Sanchez De la, Esperanza"]
[Result "1-0"]
[WhiteElo "1803"]
[BlackElo "1795"]
[PlyCount "117"]
[EventDate "2011.08.01"]
[EventRounds "7"]
[EventCountry "ESP"]

1. d4 Nf6 2. Nf3 e6 3. Bf4 b6 4. h3 Bb7 5. e3 Be7 6. Be2 O-O 7. O-O d6 8. c4
Nbd7 9. Nc3 Ne4 10. Nxe4 Bxe4 11. Nd2 Bg6 12. Nf3 f5 13. Qb3 Bf7 14. Qc2 Bf6
15. Rad1 Qe7 16. Bh2 a5 17. Bd3 g6 18. e4 fxe4 19. Bxe4 Ra7 20. Rfe1 Qd8 21.
Bc6 Nb8 22. Ba4 c6 23. Qc1 Rb7 24. Bb3 Kg7 25. Bf4 Re8 26. Bh6+ Kg8 27. Ng5 Bg7
28. Nxf7 Rxf7 29. d5 cxd5 30. cxd5 e5 31. Bxg7 Kxg7 32. Re2 Na6 33. Ba4 Ref8
34. Bc6 Nc5 35. Rf1 Qh4 36. Qc2 Rf5 37. b3 Rg5 38. Re3 Rf4 39. Kh2 Rgf5 40. g3
Qh6 41. gxf4 Qxf4+ 42. Kh1 Rh5 43. Rg1 Rh4 44. Rgg3 e4 45. Bb5 Qf5 46. Qd2 Rf4
47. Kg1 h5 48. Qd4+ Kh7 49. Be8 g5 50. Qd2 h4 51. Rg2 Qe5 52. Bb5 Qf5 53. Qe2
Kh6 54. Be8 Rf3 55. Qb2 Kh7 56. Rxf3 exf3 57. Rg4 Ne4 58. Qc2 Ng3 59. Qxf5+ 1-0

[Event "Campeonato de España Individual Femenino"]
[Site "Padron"]
[Date "2011.08.03"]
[Round "4"]
[White "Hernandez Estevez, Yudania"]
[Black "Vega Gutierrez, Sabrina"]
[Result "1-0"]
[WhiteElo "2252"]
[BlackElo "2285"]
[PlyCount "85"]
[EventDate "2011.08.01"]
[EventRounds "7"]
[EventCountry "ESP"]

1. e4 c5 2. Nf3 Nc6 3. Nc3 Nf6 4. Bb5 Qc7 5. O-O Nd4 6. Re1 a6 7. Bf1 Ng4 8. g3
Nxf3+ 9. Qxf3 Ne5 10. Qd1 e6 11. f4 Nc6 12. e5 Be7 13. Ne4 O-O 14. b3 d5 15.
exd6 Bxd6 16. Bb2 Nd4 17. c3 Nf5 18. Qh5 Be7 19. Bd3 Qd8 20. Bc2 Bd7 21. Re2
Bc6 22. Rae1 c4 23. g4 g6 24. Qh3 Nd6 25. Nf2 b5 26. f5 Bh4 27. Ba3 exf5 28.
gxf5 Re8 29. Bc5 Rxe2 30. Rxe2 Nb7 31. Bd4 Bf6 32. fxg6 hxg6 33. Bxg6 fxg6 34.
Qe6+ Kg7 35. Qxc6 Bxd4 36. Qxb7+ Kh6 37. cxd4 Qg5+ 38. Qg2 Qxg2+ 39. Kxg2 cxb3
40. axb3 Rd8 41. Re4 a5 42. Ng4+ Kg5 43. Kg3 1-0

[Event "Campeonato de España Individual Femenino"]
[Site "Padron"]
[Date "2011.08.03"]
[Round "4"]
[White "Vega Gutierrez, Belinda"]
[Black "Redondo Arguelles, Graciela"]
[Result "1-0"]
[WhiteElo "2227"]
[BlackElo "2088"]
[PlyCount "65"]
[EventDate "2011.08.01"]
[EventRounds "7"]
[EventCountry "ESP"]

1. d4 Nf6 2. c4 d6 3. Nc3 e5 4. d5 g6 5. e4 Bg7 6. f3 h5 7. h4 c6 8. Be3 Qc7 9.
Qd2 Nbd7 10. Nge2 cxd5 11. cxd5 a6 12. a4 Nc5 13. Nc1 Qa5 14. Ra3 Ncd7 15. Nb3
Qd8 16. a5 Ng8 17. Qc2 Bh6 18. Bf2 Ne7 19. Bd3 Nf8 20. Bb6 Qd7 21. Na4 f5 22.
Bc7 Be3 23. Nb6 Bxb6 24. Bxb6 Nh7 25. Nd2 O-O 26. Rc3 Nf6 27. Rc7 Qe8 28. Nc4
Nexd5 29. exd5 Nxd5 30. Nxd6 Qe6 31. Nxc8 Nxc7 32. Bc4 Nd5 33. Bxd5 1-0

[Event "Campeonato de España Individual Femenino"]
[Site "Padron"]
[Date "2011.08.03"]
[Round "4"]
[White "Gutierrez Castillo, Paloma"]
[Black "Nieto Asencio, Maria Del Carmen"]
[Result "1/2-1/2"]
[WhiteElo "2119"]
[BlackElo "2034"]
[PlyCount "95"]
[EventDate "2011.08.01"]
[EventRounds "7"]
[EventCountry "ESP"]

1. e4 d5 2. exd5 Nf6 3. Nc3 Nxd5 4. Bc4 Nb6 5. Bb3 a5 6. a3 a4 7. Ba2 Nc6 8. h3
e6 9. Nf3 Be7 10. d4 Bf6 11. Be3 O-O 12. O-O Na5 13. Ne4 Nbc4 14. Nxf6+ Qxf6
15. Bg5 Qf5 16. b4 axb3 17. cxb3 Nb6 18. Bb1 Qd5 19. Qd3 g6 20. Bc2 Bd7 21. Qe3
Bb5 22. Rfb1 f6 23. Bf4 Qd7 24. Be4 Bc6 25. Bxc6 Nxc6 26. Qe4 Nd5 27. Bd2 Na5
28. a4 Qd6 29. Ne1 b6 30. Nc2 Rfe8 31. Ne3 Nxe3 32. Bxe3 Rad8 33. Bf4 Qxd4 34.
Qxd4 Rxd4 35. Bxc7 Rb4 36. Ra3 Rc8 37. Bd6 Rd4 38. Bg3 Rd3 39. Bf4 Rcc3 40. Be3
Nc4 41. bxc4 Rxa3 42. Rxb6 Rxa4 43. c5 Rc4 44. Rxe6 Kf7 45. Rc6 h5 46. Kf1 Rc2
47. Kg1 Rc4 48. Kf1 1/2-1/2

[Event "Campeonato de España Individual Femenino"]
[Site "Padron"]
[Date "2011.08.03"]
[Round "4"]
[White "Perera Borrego, Mariela"]
[Black "Garcia Vicente, Nieves"]
[Result "1/2-1/2"]
[WhiteElo "2046"]
[BlackElo "2249"]
[PlyCount "113"]
[EventDate "2011.08.01"]
[EventRounds "7"]
[EventCountry "ESP"]

1. d4 d5 2. Nf3 Nf6 3. c4 e6 4. g3 c6 5. Qc2 Bb4+ 6. Bd2 Be7 7. Bg2 Nbd7 8. O-O
O-O 9. Rd1 b6 10. Ne5 Nxe5 11. dxe5 Nd7 12. cxd5 cxd5 13. e4 Ba6 14. exd5 Nxe5
15. Bc3 Qc7 16. Qe4 Ng6 17. dxe6 Rad8 18. Rxd8 Rxd8 19. exf7+ Kh8 20. Nd2 Bf8
21. Qf3 Rd7 22. Rc1 Qd8 23. Nf1 Bb7 24. Qf5 Bxg2 25. Kxg2 Qa8+ 26. Qf3 Qxf3+
27. Kxf3 Rxf7+ 28. Ke2 Bc5 29. Ne3 a5 30. Rd1 h6 31. Rd8+ Kh7 32. a3 Nf8 33. b4
axb4 34. axb4 Ne6 35. Rd1 Bf8 36. Nd5 b5 37. Rd3 Ng5 38. f4 Ne4 39. Be5 Ra7 40.
Ke3 Nd6 41. Bxd6 Bxd6 42. Nf6+ gxf6 43. Rxd6 Ra4 44. Rd4 Kg6 45. Ke4 Ra2 46.
Kd5 Rc2 47. h3 Rc3 48. g4 f5 49. Ke6 Re3+ 50. Kd5 Rxh3 51. gxf5+ Kxf5 52. Kc5
h5 53. Kxb5 h4 54. Kb6 Rb3 55. b5 h3 56. Rd5+ Kxf4 57. Rh5 1/2-1/2

[Event "Campeonato de España Individual Femenino"]
[Site "Padron"]
[Date "2011.08.03"]
[Round "4"]
[White "Garcia-Castany Musellas, Gal La"]
[Black "Aranaz Murillo, Amalia"]
[Result "0-1"]
[WhiteElo "1980"]
[BlackElo "2176"]
[PlyCount "98"]
[EventDate "2011.08.01"]
[EventRounds "7"]
[EventCountry "ESP"]

1. e4 c6 2. d4 d5 3. Nc3 dxe4 4. Nxe4 Bf5 5. Ng3 Bg6 6. h4 h6 7. Nf3 Nd7 8. h5
Bh7 9. Bd3 Bxd3 10. Qxd3 e6 11. Bf4 Qa5+ 12. Bd2 Bb4 13. Ne4 Ngf6 14. Nd6+ Ke7
15. Nc4 Bxd2+ 16. Nfxd2 Qc7 17. O-O-O Rhd8 18. Rhg1 Nxh5 19. Qf3 Nhf6 20. g4
Nh7 21. Ne4 Ng5 22. Qa3+ c5 23. Nxg5 hxg5 24. d5 Qf4+ 25. Ne3 Qb4 26. d6+ Kf8
27. Rh1 g6 28. Qd3 Kg7 29. a3 Qf4 30. Kb1 Rac8 31. Rh3 c4 32. Qc3+ Qe5 33. Nxc4
Qxc3 34. Rxc3 b5 35. Ne3 Rxc3 36. bxc3 Ne5 37. a4 a6 38. axb5 axb5 39. Kb2 f5
40. Kb3 f4 41. Ng2 Nxg4 42. Kb4 Nxf2 43. Rd4 e5 44. Rd5 Ne4 45. Rxe5 Nxd6 46.
Rxg5 f3 47. Ne3 Re8 48. Ng4 Re4+ 49. Kb3 Nf7 0-1